000 00610nam a22002177a 4500
003 UA-OsUOA
001 73814
007 ta
008 20110317b un ||||| |||| 00| 0 ukr d
100 _aСаприкіна О.
090 _a330(477)
_bС19
942 _cSA
040 _aUA-OsUOA
_bukr
_cUA-OsUOA
_dUA-OsUOA
245 _aПорядок реалізації матеріалів ревізії
300 _aС.19-21
955 _a0
041 _aukr
080 _a330(477)
773 0 _w73811
_tФінансовий контроль
_dК.
_d2011
_g2
650 7 _a330 Економіка взагалі
_2UDC
999 _c360098
_d360098